Welcome to the Holygrace Academy Library

Please use search bar below to get started

KNOWN UNIVERSE (Record no. 7239)

MARC details
000 -LEADER
fixed length control field 00293nam a22001337a 4500
082 ## - DEWEY DECIMAL CLASSIFICATION NUMBER
Classification number 001
Item number NAT/K
100 ## - MAIN ENTRY--AUTHOR NAME
Personal name NATIONAL GEOGRAPHIC
245 ## - TITLE STATEMENT
Title KNOWN UNIVERSE
260 ## - PUBLICATION, DISTRIBUTION, ETC. (IMPRINT)
Place of publication UK
Name of publisher NATIONAL GEOGRAPHIC
Year of publication 2015
300 ## - PHYSICAL DESCRIPTION
Other physical details CD
520 ## - SUMMARY, ETC.
Summary, etc ABOUT UNIVERSE
650 ## - SUBJECT ADDED ENTRY--TOPICAL TERM
Topical Term ABOUT UNIVERSE
942 ## - ADDED ENTRY ELEMENTS (KOHA)
Koha item type Books
Holdings
Withdrawn status Lost status Collection code Home library Current library Shelving location Date acquired Source of acquisition Cost, normal purchase price Full call number Accession Number Koha item type
    Reference Main Library Main Library On Display 29/06/2019 Purchase 599.00 001 NAT/K 11166 Visual Materials
    Reference Main Library Main Library On Display 29/06/2019 Purchase 599.00 001 NAT/K 11165 Visual Materials
    Reference Main Library Main Library On Display 29/06/2019 Purchase 599.00 001 NAT/K 11164 Books